Liga Galega de Clubes (Natación) 2017-2018 - Estadísticas

Estadísticas generales
  • Esta prueba ha sido intentada 4 veces
  • La puntuación promedio es 15 de 28
Estadísticas de respuestas
Respuesta % Correcto
CN Ferrol
100%
CN Galaico
100%
CN Ponteareas
100%
Club del Mar de San Amaro
67%
Club Fluvial de Lugo
67%
Club Marina Ferrol
67%
CN Arteixo
67%
CN Arzúa
67%
CN Boiro
67%
CN Coruña
67%
CN Liceo
67%
CN Mos
67%
CN Pabellón Ourense
67%
CN Portamiñá Lugo
67%
CN Redondela
67%
CN Riveira
67%
AD Fogar
33%
ADN Narón
33%
CDN Cidade de Santiago
33%
CN Cedeira
33%
CN Monforte de Lemos
33%
CN Vigo Rías Baixas
33%
CN Vilagarcía
33%
CN Xove
33%
RCN Vigo
33%
USC
33%
AD Triatlón Oleiros
0%
CN Culleredo
0%
No se encontraron pruebas coincidentes
Distribución de puntuación
Porcentaje de gente con cada puntuación
Porcentaje por número respondido
Historial de tus puntuaciones
No has intentado esta prueba.